000 01297nam a2200241 a 4500
008 080917s1999 ||||||||||||||||| || u
020 _a0702124877
050 _aPN 1992.6 Cri
100 _aPieter J. (ed)
245 1 0 _aCritical television analyses
_cedited by Pieter J. Fourie
260 _aCape Town
_bJuta and Company
_c1999
300 _aix, 162p.
350 _a22800.00
650 _aTELEVISION BROADCASTING--SOCIAL ASPECTS
650 _aMEDIA
650 _aTELEVISION BROADCASTING--PHILOSOPHY
650 _aTELEVISION--PSYCHOLOGICAL ASPECTS
700 _aFourie
995 _D22800.00
_FCBU-MAIN LIBRARY (Kitwe)
_H1
_I0.00
_M1
_UAVAILABLE
_WSep 17, 2008
_ZAnnex Low-Usage Collection
995 _D22800.00
_FCBU-MAIN LIBRARY (Kitwe)
_H1
_I0.00
_M3
_UAVAILABLE
_WSep 17, 2008
_ZAnnex Low-Usage Collection
995 _D22800.00
_FCBU-MAIN LIBRARY (Kitwe)
_H1
_I0.00
_M2
_UAVAILABLE
_WSep 17, 2008
_ZAnnex Low-Usage Collection
995 _D22800.00
_FCBU-MAIN LIBRARY (Kitwe)
_H1
_I0.00
_M4
_UAVAILABLE
_WSep 17, 2008
_ZAnnex Low-Usage Collection
999 _c62629
_d62629